00390cam a2200133 4500020001500000082001200015100001700027245002900044250001200073260002900085300001600114505006500130650006100195 a817808164400a547 FIN1 aFinar, I. L.00aOrganic chemistry, Vol.2 a5th ed. aLondon,bLongman,c1973- a942billus.1 av. 2. Stereochemestry and the chemistry of Natural Products. 0aChemistry, Organic.aStereochemistry.aNatural Products.